| 000 | 00836nam a22002057a 4500 | ||
|---|---|---|---|
| 999 |
_c10584 _d10584 |
||
| 003 | AR-CdUCM | ||
| 008 | 190401b ||||| |||| 00| 0 spa d | ||
| 040 |
_aMUNICIPALIDAD PROVINCIAL DEL CUSCO _cBIBLIOTECA MUNICIPAL DEL CUSCO |
||
| 082 |
_a345.7302 / _bC78 / 1906 |
||
| 110 |
_aCorte Suprema de Justicia _925973 |
||
| 245 |
_aAnales judiciales de la corte suprema de justicia: _bAño judicial 1905 / |
||
| 260 |
_aLima : _bLa unión, _c1905. |
||
| 300 |
_a2 tomos ; _c24 cm. |
||
| 505 | _aContenido : t.1: Abandono de la instancia -- Amparo en posición -- Acordados -- Acción ejecutiva -- Agravación de la pena -- Apremios ... t.40: Seccion Judicial -- Seccion administrativa. | ||
| 650 |
_aAnales _927533 |
||
| 650 |
_aJudiciales _911436 |
||
| 650 |
_aCorte suprema de justicia _927534 |
||
| 942 |
_2ddc _cLIBROS |
||
| 945 | _arah | ||